Szczegóły MARC21

35 lat działalności gorzowskiego ośrodka akademickiego Akademii Wychowania Fizycznego im. E. Piaseckiego w Poznaniu : (1971-2006) : praca zbiorowa /

003 -Nazwa inst., której nr kontr. jest w polu 001 [,]
    • @
    • Nazwa instytucji, której n kontrolny jest w polu 001
    • NUKAT
005 -DATA I CZAS OSTATNIEJ MODYFIKACJI [,]
    • @
    • pole kontrolne
    • 20241231101322.0
020 -Międzynarod. znormalizowany nr książki - ISBN [ , ]
    • a
    • Numer ISBN
    • 9788388923784 Find
040 -Instytucja sporządzająca opis [ , ]
    • a
    • Instytucja, która sporządziła opis (NP)
    • KR U/moz
    • c
    • Instytucja, która sporządziła rekord (NP)
    • KR U/moz
    • d
    • Instytucja, która zmodyfikowała rekord (P)
    • KR U/sid
    • d
    • Instytucja, która zmodyfikowała rekord (P)
    • TOR u/an7s
    • d
    • Instytucja, która zmodyfikowała rekord (P)
    • WR U/ms
    • d
    • Instytucja, która zmodyfikowała rekord (P)
    • KR U/MWs
041 -Język dokumentu [0, ]
    • a
    • Język tekstu (P)
    • polski
    • b
    • Język streszczeń lub abstraktu (P)
    • angielski
942 -Rodzaj dokumentu [ , ]
    • c
    • Rodzaj dokumentu
    • Książka
245 -Strefa tytułu i oznaczenia odpowiedzialności [0,0]
    • a
    • Tytuł
    • 35 lat działalności gorzowskiego ośrodka akademickiego Akademii Wychowania Fizycznego im. E. Piaseckiego w Poznaniu : Find
    • b
    • Ciąg dalszy tytułu (NP)
    • (1971-2006) : praca zbiorowa / Find
    • c
    • Pozostałe elementy strefy tytułu i oznaczenia odpowiedzialności (NP)
    • pod red. Tomasza Jurka.
246 -Wariant tytułu [3, ]
    • a
    • Tytuł (NP)
    • Trzydzieści pięć lat działalności gorzowskiego ośrodka akademickiego Akademii Wychowania Fizycznego im. E. Piaseckiego w Poznaniu
260 -Strefa adresu wydawniczego [ , ]
    • a
    • Miejsce wydania (P)
    • Poznań :
    • b
    • Nazwa wydawcy (P)
    • Akademia Wychowania Fizycznego im. Eugeniusza Piaseckiego w Poznaniu,
    • c
    • Data wydania (P)
    • 2007.
300 -Strefa opisu fizycznego [ , ]
    • a
    • Określenie formy książki i/lub objętość (NP)
    • 235 s. :
    • b
    • Oznaczenie ilustracji (NP)
    • il. ;
    • c
    • Format (NP)
    • 25 cm.
336 -Typ zawartości [ , ]
    • a
    • Termin opisujący typ zawartości
    • Tekst
    • b
    • Kod określający zawartość
    • txt
    • 2
    • Źródło (terminu i kodu)
    • rdacontent
337 -Typ mediów [ , ]
    • a
    • Tryb odtwarzania
    • Bez urządzenia pośredniczącego
    • b
    • Kod typu mediów
    • n
    • 2
    • Źródło (terminu i kodu)
    • rdamedia
338 -Typ/rodzaj nośnika [ , ]
    • a
    • Hasło opisujące typ nośnika
    • Wolumin
    • b
    • Kod typu nośnika
    • nc
    • 2
    • Źródło (terminu i kodu)
    • rdacarrier
490 -Strefa serii i książki wielotomowej - forma nie do wyszukiwania [1, ]
    • a
    • Tytuł (P)
    • Seria monografie / Akademia Wychowania Fizycznego im. Eugeniusza Piaseckiego w Poznaniu, Find
    • x
    • ISSN (NP)
    • 0239-7161 ;
    • v
    • Numeracja (P)
    • nr 371
830 -Hasło dodatkowe serii i opisu książki wielotomowej - tytuł ujednolicony/tytuł [ ,0]
    • a
    • Tytuł ujednolicony/tytuł (NP)
    • Monografie - Akademia Wychowania Fizycznego im. Eugeniusza Piaseckiego w Poznaniu
    • x
    • ISSN
    • 0239-7161
    • v
    • Oznaczenie tomu (NP)
    • nr 371
    • 9
    • KHW
    • 10845
504 -Uwaga dot. bibliogr. załącznikowej [ , ]
    • a
    • Uwaga dot. bibliografii załącznikowej
    • Bibliogr. s. 180-190.
546 -Uwaga dot. języka [ , ]
    • a
    • Uwaga dot. języka
    • Streszcz. ang.
080 -Uniwersalna Klasyfikacja Dziesiętna [ , ]
    • 2
    • Identyfikator wydania tablic
    • UDC-P058
    • 9
    • UKD
    • 17610
    • a
    • Symbol klasyfikacji
    • 378.6:796
    • b
    • Dopowiedzenie
    • Akademia wychowania fizycznego.
    • 4
    • UKD2
    • 7642
    • x
    • Poddział wspólny
    • (438)
    • c
    • Dopowiedzenie poddz. wspólnego
    • (Polska).
    • 4
    • UKD2
    • 7666
    • x
    • Poddział wspólny
    • (091)
    • c
    • Dopowiedzenie poddz. wspólnego
    • (Opracowania historyczne).
610 -Hasło przedmiotowe w formie nazwy ciała zbiorowego [2,7]
    • a
    • Nazwa ciała zbiorowego lub nazwa geograficzna
    • Akademia Wychowania Fizycznego im. Eugeniusza Piaseckiego (Poznań)
    • x
    • Określnik ogólny
    • historia.
    • 2
    • Źródło terminu
    • kaba
    • 9
    • KHW
    • 388063
610 -Hasło przedmiotowe w formie nazwy ciała zbiorowego [2,7]
    • a
    • Nazwa ciała zbiorowego lub nazwa geograficzna
    • Akademia Wychowania Fizycznego im. Eugeniusza Piaseckiego (Poznań).
    • b
    • Nazwa jednostki podrzędnej
    • Instytut Wychowania Fizycznego (Gorzów Wielkopolski)
    • x
    • Określnik ogólny
    • historia.
    • 2
    • Źródło terminu
    • kaba
    • 9
    • KHW
    • 388062
980 -Symbol UKD [ , ]
    • a
    • UKD
    • 378.6:796(438)(091)
700 -Hasło dodatkowe - nazwa osobowa [1, ]
    • a
    • Nazwa osobowa (NP)
    • Jurek, Tomasz Find
    • d
    • Daty biograficzne (NP)
    • (1958- ).
    • e
    • Określenie rodzaju współpracy
    • Red.
    • 9
    • KHW
    • 26037
920 -ISBN [ , ]
    • a
    • ISBN
    • 978-83-88923-78-4 Find
Lokalizacja Data inwentaryzacji Status udost. Numer inwentarzowy
BM2015-03-051WF.9648